These last days : (Record no. 11065)

MARC details
000 -LEADER
fixed length control field 01847cam a22003497a 4500
001 - CONTROL NUMBER
control field 16597563
003 - CONTROL NUMBER IDENTIFIER
control field GBCCL
005 - DATE AND TIME OF LATEST TRANSACTION
control field 20251120144216.0
008 - FIXED-LENGTH DATA ELEMENTS--GENERAL INFORMATION
fixed length control field 110104s2011 nju b 000 0 eng
020 ## - INTERNATIONAL STANDARD BOOK NUMBER
International Standard Book Number 9781596382510
Qualifying information pbk.
035 ## - SYSTEM CONTROL NUMBER
System control number 16597563
040 ## - CATALOGING SOURCE
Original cataloging agency DLC
Transcribing agency DLC
082 00 - DEWEY DECIMAL CLASSIFICATION NUMBER
Classification number 236
Edition information 22
Item number THE 1
245 10 - TITLE STATEMENT
Title These last days :
Remainder of title a Christian view of history /
Statement of responsibility, etc. edited by Richard D. Phillips and Gabriel N.E. Fluhrer.
260 ## - PUBLICATION, DISTRIBUTION, ETC.
Place of publication, distribution, etc. Phillipsburg, N.J. :
Name of publisher, distributor, etc. P & R Pub.,
Date of publication, distribution, etc. c2011.
300 ## - PHYSICAL DESCRIPTION
Extent xii, 193 p. ;
Dimensions 22 cm.
336 ## - CONTENT TYPE
Content type term text
Content type code txt
Source rdacontent
337 ## - MEDIA TYPE
Media type term unmediated
Media type code n
Source rdamedia
338 ## - CARRIER TYPE
Carrier type term volume
Carrier type code nc
Source rdacarrier
500 ## - GENERAL NOTE
General note Papers from the thirty-sixth meeting of the Philadelphia Conference on Reformed Theology held in the spring of 2010.
504 ## - BIBLIOGRAPHY, ETC. NOTE
Bibliography, etc. note Includes bibliographical references.
505 0# - FORMATTED CONTENTS NOTE
Formatted contents note The Christ of history / Sinclair Ferguson -- This present evil age / D.A. Carson -- The age of the Spirit / Alistair Begg -- The resurrection of hope / Michael S. Horton -- The eternal glory / J. Ligon Duncan III -- Partakers of the age to come / D.A. Carson -- The four main millennial views / Cornelis P. Venema -- A pastoral guide to life after death / Richard D. Phillips -- Evangelical eschatology, American style / Jeffrey K. Jue -- The radical implications of eternity / Paul David Tripp.
650 #0 - SUBJECT ADDED ENTRY--TOPICAL TERM
Topical term or geographic name entry element Eschatology
Form subdivision Congresses.
650 #0 - SUBJECT ADDED ENTRY--TOPICAL TERM
Topical term or geographic name entry element Reformed Church
General subdivision Doctrines
Form subdivision Congresses.
655 #7 - INDEX TERM--GENRE/FORM
Genre/form data or focus term Conference papers and proceedings.
Source of term lcgft
Authority record control number or standard number https://id.loc.gov/authorities/genreForms/gf2014026068
700 1# - ADDED ENTRY--PERSONAL NAME
Personal name Phillips, Richard D.
Fuller form of name (Richard Davis),
Dates associated with a name 1960-
700 1# - ADDED ENTRY--PERSONAL NAME
Personal name Fluhrer, Gabriel N. E.,
Dates associated with a name 1978-
906 ## - LOCAL DATA ELEMENT F, LDF (RLIN)
a 7
b cbc
c origcop
d 2
e ncip
f 20
g y-gencatlg
942 ## - ADDED ENTRY ELEMENTS (KOHA)
Source of classification or shelving scheme Dewey Decimal Classification
Koha item type Books
Suppress in OPAC No
Holdings
Withdrawn status Lost status Source of classification or shelving scheme Damaged status Not for loan Home library Current Library Shelving location Date acquired Total checkouts Full call number Barcode Date last seen Date last checked out Copy number Price effective from Koha item type
    Dewey Decimal Classification     GRACE BIBLE COLLEGE GRACE BIBLE COLLEGE Theology 2025-11-20 1 236 THE 017331 2025-12-01 2025-11-27 c.1 2025-11-20 Books
© Grace Bible College Library 2025